Minas y mineros en el Perú colonial 1776-1824
Spremljeno u:
| Glavni autor: | |
|---|---|
| Format: | Knjiga |
| Jezik: | španjolski |
| Izdano: |
Lima
Instituto de Estudios Peruanos
1977
|
| Teme: | |
| Oznake: |
Dodaj oznaku
Bez oznaka, Budi prvi tko označuje ovaj zapis!
|
MARC
| LEADER | 00000nam a2200000 a 4500 | ||
|---|---|---|---|
| 001 | UCX2348 | ||
| 003 | CL-VaPUC | ||
| 008 | 910425e19770000PE |||||||||||||||||spa|d | ||
| 082 | 0 | 4 | |a 985.03 |b FIS |2 21 |
| 100 | 0 | |a Fisher, John Robert |e author |9 318250 | |
| 245 | 1 | 0 | |a Minas y mineros en el Perú colonial 1776-1824 |
| 300 | |a 253 p | ||
| 942 | |c BK | ||
| 945 | |d 19910425 00:00:00 | ||
| 260 | |a Lima |b Instituto de Estudios Peruanos |c 1977 | ||
| 650 | 7 | |a MINAS DE PLATA |2 CL-VaPUC |9 318251 | |
| 650 | 0 | |a Historia Siglo 18 |9 257136 | |
| 650 | 7 | |a MINEROS |2 CL-VaPUC |9 318252 | |
| 650 | 7 | |a CONDICIONES ECONOMICAS SIGLO 18 |2 CL-VaPUC |9 314910 | |
| 651 | 0 | |a Perú |9 256567 | |
| 583 | |a last modification |c 19910425 00:00:00 |k Rodrigo Vera | ||
| 999 | |c 223389 |d 223387 | ||
| 952 | |0 0 |1 0 |4 0 |6 985_030000000000000_FIS_1977 |7 0 |8 A |9 219144 |a BIBHIS |b BIBHIS |d 2019-11-15 |i 2879069 |o 985.03 FIS 1977 |p 2879069 |r 2025-01-20 |w 2019-11-15 |y BK |k HIS | ||
| 952 | |0 0 |1 0 |4 0 |6 985_030000000000000_FIS_1977 |7 0 |8 A |9 219145 |a BIBHIS |b BIBHIS |d 2019-11-15 |i 1257110 |o 985.03 FIS 1977 |p 1257110 |r 2025-01-20 |w 2019-11-15 |y BK |k HIS | ||